书目信息 |
| 题名: |
实用英语口语天天练
|
|
| 作者: | 王福林 编著 | |
| 分册: | ||
| 出版信息: | 外语教研 2006.05 |
|
| 页数: | 165页 | |
| 开本: | 20cm | |
| 丛书名: | ||
| 单 册: | ||
| 中图分类: | H319.9 | |
| 科图分类: | ||
| 主题词: | 英语 | |
| 电子资源: | ||
| ISBN: | 978-7-5600-5029-4 | |
| 000 | 00611nam0 2200229 45 | |
| 001 | 0954387361 | |
| 005 | 20091017150957.25 | |
| 010 | @a978-7-5600-5029-4@dCNY8.90 | |
| 100 | @a20090515d2006 ekmy0 y0120 ea | |
| 102 | @aCN@b130000 | |
| 102 | @aCN@b110000 | |
| 105 | @ay z 000yy | |
| 200 | 1 | @a实用英语口语天天练@f王福林编著@Fwang fu lin bian zhu |
| 210 | @c外语教研@d2006.05 | |
| 210 | @a北京@c外语教学与研究出版社 | |
| 215 | @a165页@d20cm | |
| 606 | 0 | @a英语 |
| 690 | @aH319.9@v4 | |
| 701 | 0 | @a王福林@Awang fu lin@4编著 |
| 801 | 0 | @aCN@c20091017 |
| 905 | @a10447@dH319.9@eW170 | |
| 906 | @d9@n3@r1 | |
| 实用英语口语天天练/王福林编著.-外语教研,2006.05.-北京:外语教学与研究出版社 |
| 165页;20cm |
| ISBN 978-7-5600-5029-4:CNY8.90 |
| ● |
| 相关链接 |
|
|
|
正题名:实用英语口语天天练
索取号:H319.9/W170
 
预约/预借
| 序号 | 登录号 | 条形码 | 馆藏地/架位号 | 状态 | 备注 |
| 1 | 896237 | 208962372 | 语言库209/209语言库 109排1列3层/ [索取号:H319.9/W170] | 在馆 | |
| 2 | 896238 | 208962381 | 语言库209/209语言库 109排1列3层/ [索取号:H319.9/W170] | 在馆 | |
| 3 | 896239 | 208962390 | 语言库209/209语言库 109排1列3层/ [索取号:H319.9/W170] | 在馆 |